000 01569nam a22004337a 4500
003 CHAP
005 20220817044540.0
008 120910s2012 it a rn 00010 eng d
010 _a103907
011 _a104879
020 _a9789251068373
035 _a115569
040 _cCHAP
082 1 0 _a636.08
_bF21y Doc.
110 2 _aFAO
245 1 0 _aCrop residue based densified total mixed ration :
_ba user-friendly approach to utilise food crop by-products for ruminant production
_c/por T.K. Walli, M.R. Garg y Harinder P.S. Makkar
260 _aRoma :
_bFAO,
_c2012
300 _avi, 33 p. :
_bilus., tablas
490 0 _aFAO. Producción y sanidad animal. Documento
_v; 171
590 _aBATCH-UPD
_b10
_c20130110
_lUCH01
_h0250
590 _aBATCH-UPD
_b10
_c20130110
_lUCH01
_h0323
590 _aBATCH-UPD
_b10
_c20130110
_lUCH01
_h0352
590 _aBATCH-UPD
_b10
_c20130110
_lUCH01
_h0423
590 _aBATCH-UPD
_b10
_c20130409
_lUCH01
_h2151
590 _aBATCH-UPD
_b10
_c20130409
_lUCH01
_h2250
590 _aBATCH-UPD
_b10
_c20130914
_lUCH01
_h1352
590 _aCONVERSION
_b10
_c20130109
_lUCH01
_h1357
650 4 _aForrajes.
650 4 _aPiensos.
_988012
650 4 _aResiduos de cosechas.
_996115
650 4 _aRumiantes
_xAlimentación.
700 1 _aGarg, M. R.
_914
700 1 _aMakkar, Harinder P.S.
_969961
700 1 _aWalli, T. K.
_9120936
830 0 _aFAO. Producción y sanidad animal. Documento
_v; 171
901 _aBK
942 _cLIBRO
949 _a636.08 F21y Doc. v.172
_bBC
_cFAO
_d33724002347835
_eFAO1
_gDonaciØn
_h117353
_i115569
_st
999 _c103907
_d103907